| 000 | 02098cam a2200541 i 4500 | ||
|---|---|---|---|
| 001 | 11686694 | ||
| 003 | OSt | ||
| 005 | 20220421125019.0 | ||
| 008 | 150520t20152015dcub b 001 0deng | ||
| 010 | _a 2015019160 | ||
| 020 |
_a9780815726999 _q(hardcover : alk. paper) |
||
| 020 |
_a0815726996 _q(hardcover : alk. paper) |
||
| 020 |
_z9780815727002 _q(epub) |
||
| 020 |
_z9780815727019 _q(pdf) |
||
| 024 | _a99965509680 | ||
| 035 | _a(OCoLC)ocn908374996 | ||
| 035 |
_a(OCoLC)908374996 _z(OCoLC)927291118 |
||
| 035 | _a(NNC)11686694 | ||
| 038 | _aMuhammad Ibrahim | ||
| 040 |
_aDLC _beng _erda _cDLC _dYDX _dBTCTA _dYDXCP _dBDX _dOCLCF _dGZT _dDBI _dCDX _dDGU |
||
| 042 | _apcc | ||
| 043 |
_an-us--- _aa-ii--- |
||
| 050 | 0 | 0 |
_aE183.8.I4 _bR54 2015 |
| 082 | 0 | 0 |
_a327.73054 _223 _bRIE 2016 |
| 100 | 1 |
_aRiedel, Bruce O., _eauthor. _951782 |
|
| 245 | 1 | 0 |
_aJFK's forgotten crisis : _bTibet, the CIA, and Sino-Indian War / _cBruce Riedel. |
| 246 | 3 | _aJohn Fitzgerald Kennedy's forgotten crisis | |
| 250 | _a1st edition. | ||
| 260 |
_aIndia _bHarper Collins _c2016 |
||
| 300 |
_axiv, 231 pages : _bmap ; _c24 cm |
||
| 504 | _aIncludes bibliographical references (pages 209-215) and index | ||
| 505 | 0 | _aPrologue: At Mount Vernon -- Introduction -- Ike and India, 1950-60 -- Galbraith and India, 1961 -- Jackie and India, 1962 -- Jack, India, and war -- From JFK to today -- Chronology. | |
| 563 | _aP.B | ||
| 600 | 1 | 0 |
_aKennedy, John F. _q(John Fitzgerald), _d1917-1963. _991148 |
| 600 | 1 | 7 |
_aKennedy, John F. _q(John Fitzgerald), _d1917-1963. _2fast _991148 |
| 611 | 2 | 7 |
_aSino-Indian Border Dispute (1957-) _2fast _991149 |
| 648 | 7 |
_a1961 - 1963 _2fast _991150 |
|
| 650 | 0 |
_aSino-Indian Border Dispute, 1957- _951783 |
|
| 650 | 7 |
_aDiplomatic relations. _2fast _96585 |
|
| 651 | 0 |
_aUnited States _xForeign relations _zIndia. |
|
| 651 | 0 |
_aIndia _xForeign relations _zUnited States. |
|
| 651 | 0 |
_aUnited States _xForeign relations _y1961-1963. _991151 |
|
| 651 | 7 |
_aIndia. _2fast |
|
| 651 | 7 |
_aUnited States. _2fast |
|
| 942 |
_2ddc _cBK |
||
| 948 | 1 |
_a20160126 _bc _cjeb52 _dMPS |
|
| 999 |
_c589308 _d589308 |
||